000 00490nam a22001697a 4500
003 BD-ChCU
005 20260125100438.0
008 260125b bg ||||| |||| 00| 0 ben d
040 _cBD-ChCU
082 _a330.1 SWT
100 _aSweezy, Paul M.
_919598
245 _aThe theory of capitalist development principles of Marxian Political economy.//
_cSweezy, Paul M.
260 _aNew York
_bO. U. P.
_c1946
300 _axxvi, 398p
650 0 _aEconomics.
_919599
942 _2ddc
_cBK
_n0
999 _c111232
_d111232